Lot - mort subite - Statistiques

Statistiques générales
  • Ce quiz a été pris 43 fois
  • Le résultat moyen est 9 sur 18
Answers on the Grid
Answers color-coded by a green-red scale on the quiz's grid according to % correct below.
Une appellation d'origine contrôlée
Toulouse
Domaine Jean-Louis Chave
Saint-Cirq-Lapopie
Logone Oriental
Saransk
Cayambe
Oshogbo
Grottes de Presque
Plage aux Ptérosaures
Vannes
Coteaux du Quercy
Cúa
Aix-les-Bains
Gramat
Gourdon
Şanlıurfa
Le Musée Champollion
Gabès
Domaine Cosse Mainsonneuve
Ouman
Pradines
Sousceyrac-en-Quercy
Château Lagrézette
Cahors
Clos Triguedina
Baise
Valledupar
Villeneuve-sur-Lot
Castelmoron-sur-Lot
Domaine La Calmette
Ise
Figeac
Bulle
Saint-Céré
Des genettes sauvages
 
Statistiques - réponses
Réponse % Correct
Gramat
80%
Saint-Cirq-Lapopie
80%
Figeac
77%
Gourdon
77%
Cahors
73%
Coteaux du Quercy
70%
Saint-Céré
60%
Sousceyrac-en-Quercy
60%
AOC Cahors Une appellation d'origine contrôlée
57%
Figeac Le Musée Champollion
53%
Pradines
53%
Grottes de Presque
40%
Château Lagrézette
27%
Trexpoux-Rassiels Domaine La Calmette
27%
Site présentant des empreintes de dinosaures et de ptérosaures Plage aux Ptérosaures
27%
Lacapelle-Cabanac Domaine Cosse Mainsonneuve
23%
Clos Triguedina
13%
Espèce introduite en Europe Des genettes sauvages
13%
Aucun quiz correspondant
Distribution des résultats
% des personnes avec chaque résultat
Percentile par nombre de réponses
Votre historique - résultats
Vous n’avez pas pris ce quiz